| 000 | 00948cam a22003015a 4500 | ||
|---|---|---|---|
| 999 |
_c26818 _d26790 |
||
| 001 | 015607127 | ||
| 003 | Uk | ||
| 005 | 20180717114527.0 | ||
| 008 | 100714t2011 maua frb 001 0 eng d | ||
| 015 |
_aGBB087568 _2bnb |
||
| 016 | 7 |
_a015607127 _2Uk |
|
| 020 | _a9780205008063 (pbk.) | ||
| 020 | _a0205008062 (pbk.) | ||
| 040 |
_aStDuBDS _beng _cStDuBDS _dUk _dEG-ScBUE |
||
| 082 | 0 | 4 |
_a351 _bSHA _222 |
| 100 | 1 | 0 | _aShafritz, Jay M. |
| 245 | 1 | 0 |
_aIntroducing public administration / _cJay M. Shafritz, E. W. Russell, Christopher P. Borick. |
| 250 | _a7th ed., International ed. | ||
| 260 |
_aBoston : _bLongman / Pearson, _cc.2011. |
||
| 300 |
_axx, 568 p. : _bill. ; _c24 cm. |
||
| 504 | _aIncludes bibliographical references and index. | ||
| 650 | 7 |
_aPublic administration _vTextbooks. _2BUEsh |
|
| 651 | _2BUEsh | ||
| 653 |
_bBUSADM _cJuly2018 |
||
| 700 | 1 |
_aRussell, E. W. _q(Edward W.) |
|
| 700 | 1 | _aBorick, Christopher P. | |
| 942 | _2ddc | ||